Análisis exegético sobre la conversión de San Pablo: el problema teológico e histórico
Guardat en:
| Autor principal: | |
|---|---|
| Format: | Llibre |
| Idioma: | espanyol |
| Publicat: |
Barcelona
Herder
1976
|
| Matèries: | |
| Etiquetes: |
Afegir etiqueta
Sense etiquetes, Sigues el primer a etiquetar aquest registre!
|
MARC
| LEADER | 00000nam a2200000 a 4500 | ||
|---|---|---|---|
| 001 | UCL5079 | ||
| 003 | CL-VaPUC | ||
| 008 | 040305e19760000SP |||||||||||||||||spa|d | ||
| 020 | |a 8425410371 | ||
| 082 | 0 | 4 | |a 225 |b SAB |2 21 |
| 100 | 0 | |a Sabugal, Santos |e author |9 482753 | |
| 245 | 1 | 0 | |a Análisis exegético sobre la conversión de San Pablo: el problema teológico e histórico |
| 300 | |a 278 p | ||
| 942 | |c BK | ||
| 945 | |d 20040305 00:00:00 |a vberengu | ||
| 260 | |a Barcelona |b Herder |c 1976 | ||
| 600 | 0 | |a Pablo de Tarso, Santo |9 321163 | |
| 650 | 0 | |a Biblia |9 257603 | |
| 650 | 0 | |a Nuevo testamento |9 257604 | |
| 650 | 0 | |a Epístolas |9 321181 | |
| 583 | |a last modification |c 20141119 01:31:41 |k Rodrigo Vera | ||
| 999 | |c 307750 |d 307748 | ||
| 952 | |0 0 |1 0 |4 0 |6 225_000000000000000_SAB_1976 |7 0 |8 A |9 373854 |a BIBTEO |b BIBTEO |d 2019-11-21 |i 2103710 |o 225 SAB 1976 |p 2103710 |r 2025-01-17 |w 2019-11-21 |y BK |k ICR | ||